| 000 | 00926nac a22002891u 4500 | ||
|---|---|---|---|
| 008 | 081118t2006 m a frb 001 0 eng d | ||
| 010 | _a2005043865 | ||
| 020 | _a0071256903 | ||
| 020 | _a9780071256902 | ||
| 040 |
_aEG-ScBUE _beng _cEG-ScBUE |
||
| 082 | 0 | 4 |
_a620.11 _bSMI _222 |
| 100 | 1 |
_aSmith, William Fortune _91254 |
|
| 245 | 1 | 0 |
_aFoundations of Materials Science and Engineering / _cWilliam F. Smith, Javad Hashemi. |
| 250 | _a4th ed. | ||
| 260 |
_aBoston : _bMcGraw-Hill, _cc.2006. |
||
| 260 | _bDistributer: Baccah | ||
| 300 |
_axxi, 1032 p. : _bill. ; _c24 cm. + _e1 CD-ROM (4 3/4 in.) |
||
| 500 | _aIndex: p. 1016-1032. | ||
| 504 | _aIncludes bibliographical references. | ||
| 590 | _aMohamed Hussein | ||
| 650 | 0 |
_aMaterials science. _91255 _2BUEsh |
|
| 650 | 0 |
_aMaterials. _91256 _2BUEsh |
|
| 651 | _2BUEsh | ||
| 653 |
_bENGGEN _cAugust2015 |
||
| 700 | 1 |
_aHashemi, Javad. _91257 |
|
| 942 |
_cTB _k620.11SMI _2ddc |
||
| 999 |
_c847 _d847 |
||